Rozšiřování Evropské unie jako nástroj transformace srbsko-kosovského konfliktu po roce 2008
Transformačná sila Európskej únie a vplyv na integráciu a konflikty. Cesty vplyvu EÚ na konflikty. Eskalačný a deeskalačný model stupňov konfliktov. Analýza vplyvu EÚ na srbsko-kosovský konflikt a potenciálne riziká deeskalácie. Priebeh srbsko-kosovského konfliktu do roku 2008. Cesty vplyvu. Kontrol...
Saved in:
| Main Author: | |
|---|---|
| Format: | Book Chapter |
| Language: | Czech |
| Subjects: | |
| Tags: |
No Tags, Be the first to tag this record!
|
MARC
| LEADER | 00000naa a2200000 4500 | ||
|---|---|---|---|
| 001 | 0247724 | ||
| 005 | 20181119105300.7 | ||
| 041 | 0 | |a cze | |
| 044 | |a CZ | ||
| 245 | 1 | 0 | |a Rozšiřování Evropské unie jako nástroj transformace srbsko-kosovského konfliktu po roce 2008 |c Tereza Marošková |
| 520 | |a Transformačná sila Európskej únie a vplyv na integráciu a konflikty. Cesty vplyvu EÚ na konflikty. Eskalačný a deeskalačný model stupňov konfliktov. Analýza vplyvu EÚ na srbsko-kosovský konflikt a potenciálne riziká deeskalácie. Priebeh srbsko-kosovského konfliktu do roku 2008. Cesty vplyvu. Kontrola intervenujúcich premenných. Potenciálne riziká. | ||
| 610 | 2 | 0 | |a politika zahraničná |
| 610 | 2 | 0 | |a politika medzinárodná |
| 610 | 2 | 0 | |a vzťahy medzinárodné |
| 610 | 2 | 0 | |a integrácia |
| 610 | 2 | 0 | |a organizácie medzinárodné |
| 610 | 2 | 0 | |a konflikty |
| 610 | 2 | 0 | |a národnosti |
| 610 | 2 | 0 | |a národ |
| 610 | 2 | 0 | |a dohody medzinárodné |
| 610 | 2 | 0 | |a Európska únia |
| 610 | 2 | 0 | |a Srbsko |
| 610 | 2 | 0 | |a Kosovo |
| 610 | 2 | 0 | |a NATO |
| 100 | 1 | |a Marošková, Tereza | |